[Event "Tch-CRO 1stA liga 2016"]
[Site "Sibenik"]
[Date "2016.10.08"]
[Round "1.1"]
[White "Fedorchuk, Sergey A"]
[Black "Saric, Ivan"]
[Result "0-1"]
[WhiteElo "2623"]
[BlackElo "2668"]
[PlyCount "106"]
[EventDate "2016.??.??"]
[EventCountry "CRO"]

1. e4 c5 2. Nf3 d6 3. d4 cxd4 4. Qxd4 Nf6 5. Bb5+ Bd7 6. c4 g6 7. Nc3 Bg7 8. h3
O-O 9. Qd3 Bxb5 10. cxb5 a6 11. O-O Qd7 12. Nd4 axb5 13. Ndxb5 Nc6 14. Bg5 Ra6
15. Rfd1 Rc8 16. Qe2 Ne8 17. Rac1 h6 18. Be3 Qd8 19. a3 Kh7 20. Rc2 Na5 21. Na7
Rc4 22. Qd3 Bxc3 23. Rxc3 Rxc3 24. Qxc3 Qc7 25. Rc1 Qxc3 26. Rxc3 Nc6 27. Nc8
Nf6 28. Rb3 Na5 29. Rb4 e6 30. f3 Rc6 31. Na7 Rc2 32. Bd4 Nh5 33. e5 dxe5 34.
Bxe5 Nc4 35. Bh2 Nxb2 36. g4 Rc1+ 37. Kg2 Rc2+ 38. Kg1 Nd3 39. gxh5 Rc1+ 40.
Kg2 Rc2+ 41. Kg1 Nxb4 42. axb4 gxh5 43. b5 f6 44. Bb8 Kg6 45. b6 e5 46. Bc7 Kf5
47. Nb5 Kf4 48. Nd6 Kg3 49. Ne4+ Kxf3 50. Nxf6 e4 51. Nd7 Rc1+ 52. Kh2 e3 53.
Bg3 Rc2+ 0-1

[Event "Tch-CRO 1stA liga 2016"]
[Site "Sibenik"]
[Date "2016.10.08"]
[Round "1.1"]
[White "Predojevic, Borki"]
[Black "Georgiev, Kiril"]
[Result "1/2-1/2"]
[WhiteElo "2642"]
[BlackElo "2608"]
[PlyCount "29"]
[EventDate "2016.??.??"]
[EventCountry "CRO"]

1. e4 e5 2. Nf3 Nc6 3. Bb5 Nf6 4. d3 Bc5 5. Bxc6 dxc6 6. Nbd2 Be6 7. O-O Nd7 8.
Nb3 Bb6 9. Ng5 Bxb3 10. axb3 f6 11. Nf3 Nf8 12. Nd2 Ne6 13. Nc4 O-O 14. g3 Qd7
15. Kg2 1/2-1/2

[Event "Tch-CRO 1stA liga 2016"]
[Site "Sibenik"]
[Date "2016.10.08"]
[Round "1.1"]
[White "Zovko, Mario"]
[Black "Markus, Robert"]
[Result "0-1"]
[WhiteElo "2323"]
[BlackElo "2662"]
[PlyCount "62"]
[EventDate "2016.??.??"]
[EventCountry "CRO"]

1. e4 c5 2. Nf3 Nc6 3. c3 Nf6 4. e5 Nd5 5. d4 cxd4 6. cxd4 e6 7. a3 d6 8. Bd3
g6 9. O-O Bg7 10. Re1 O-O 11. Bd2 Qb6 12. Nc3 Nxd4 13. Nxd5 exd5 14. Bb4 Nxf3+
15. Qxf3 Bxe5 16. Rxe5 dxe5 17. Qxd5 Re8 18. Bc3 Qc6 19. Qb3 Be6 20. Qb4 a5 21.
Qh4 Bd5 22. Bf1 f6 23. Re1 b5 24. g4 g5 25. Qh6 b4 26. Bd3 Qd7 27. Bf5 Be6 28.
axb4 axb4 29. Bxb4 Bxf5 30. gxf5 Qxf5 31. Qh5 Red8 0-1

[Event "Tch-CRO 1stA liga 2016"]
[Site "Sibenik"]
[Date "2016.10.08"]
[Round "1.1"]
[White "Jovanovic, Zoran"]
[Black "Mrdja, Milan"]
[Result "1-0"]
[WhiteElo "2526"]
[BlackElo "2303"]
[PlyCount "109"]
[EventDate "2016.??.??"]
[EventCountry "CRO"]

1. e4 e6 2. d4 d5 3. Nc3 Bb4 4. exd5 exd5 5. Bd3 Nc6 6. Nf3 Nge7 7. O-O O-O 8.
Ne2 Bf5 9. Ng3 Bxd3 10. Qxd3 f6 11. Qb3 a6 12. Bf4 Ng6 13. Be3 Qd7 14. c3 Be7
15. Rae1 b5 16. h4 Rfe8 17. h5 Nh8 18. Bf4 Nf7 19. Re2 Bf8 20. Rfe1 Rxe2 21.
Rxe2 Rc8 22. Qc2 Bd6 23. Bxd6 Nxd6 24. Ne1 Re8 25. Nd3 Rxe2 26. Qxe2 a5 27. Qf3
Qf7 28. Nf5 Qe6 29. Ne3 Ne7 30. Nf4 Qe4 31. Nfxd5 Qxf3 32. gxf3 Nxd5 33. Nxd5
Ne8 34. f4 Kf7 35. f5 c6 36. Ne3 Nd6 37. f3 g6 38. hxg6+ hxg6 39. fxg6+ Kxg6
40. Kf2 Kg5 41. b3 f5 42. Ng2 f4 43. Ke2 Kf5 44. Kd3 Nf7 45. Ne1 Ng5 46. Ke2
Ne6 47. Kd3 Ng5 48. a4 Ke6 49. b4 bxa4 50. bxa5 Kd6 51. Kc4 c5 52. dxc5+ Kc6
53. Kb4 a3 54. Kxa3 Kxc5 55. Ka4 1-0

[Event "Tch-CRO 1stA liga 2016"]
[Site "Sibenik"]
[Date "2016.10.08"]
[Round "1.1"]
[White "Jukic, Zdenko"]
[Black "Jovanic, Ognjen"]
[Result "0-1"]
[WhiteElo "2314"]
[BlackElo "2433"]
[PlyCount "106"]
[EventDate "2016.??.??"]
[EventCountry "CRO"]

1. e4 e5 2. Nc3 Nf6 3. g3 Bb4 4. Bg2 O-O 5. Nge2 c6 6. d4 d6 7. a3 Ba5 8. dxe5
dxe5 9. Qxd8 Rxd8 10. h3 Be6 11. b4 Bc7 12. Bb2 Nbd7 13. Nd1 Nb6 14. Ne3 Na4
15. Bc1 a5 16. f4 exf4 17. gxf4 Nh5 18. Ng4 Bc4 19. Bf3 Bxe2 20. Bxe2 Bxf4 21.
Nh6+ gxh6 22. Bxh5 Be5 23. Rb1 Nc3 24. Rg1+ Kh8 25. Bb2 f6 26. Bxc3 Bxc3+ 27.
Kf1 axb4 28. axb4 Ra4 29. Rg3 Rxb4 30. Rxb4 Bxb4 31. Rb3 c5 32. Be2 b6 33. Rf3
Kg7 34. Rg3+ Kf8 35. c3 Ba5 36. Bc4 Rd2 37. Bd5 b5 38. Rg8+ Ke7 39. Rc8 Bxc3
40. Rxc5 b4 41. Rc7+ Kd6 42. Rxh7 Rb2 43. Rb7 Ke5 44. Rh7 f5 45. Rxh6 fxe4 46.
Bf7 e3 47. Re6+ Kf4 48. Bg6 Be5 49. Bd3 Rf2+ 50. Kg1 Rd2 51. Bc4 Rc2 52. Bd3
Rc3 53. Bg6 Rc1+ 0-1

[Event "Tch-CRO 1stA liga 2016"]
[Site "Sibenik"]
[Date "2016.10.08"]
[Round "1.1"]
[White "Plenca, Jadranko"]
[Black "Rosandic, Denis"]
[Result "1-0"]
[WhiteElo "2396"]
[BlackElo "2232"]
[PlyCount "51"]
[EventDate "2016.??.??"]
[EventCountry "CRO"]

1. e4 c5 2. Nf3 e6 3. b3 Nc6 4. Bb2 d6 5. d4 Nf6 6. d5 Nb8 7. Bb5+ Bd7 8. Bxd7+
Qxd7 9. dxe6 fxe6 10. e5 dxe5 11. Qe2 Nc6 12. Nxe5 Nxe5 13. Bxe5 Be7 14. O-O
O-O 15. Nd2 Rae8 16. a4 Qc6 17. Rad1 Nd5 18. Ne4 Rf5 19. Bg3 Ref8 20. Rfe1 h6
21. Qb5 Qc8 22. Bd6 a6 23. Qxc5 Qxc5 24. Bxc5 Bxc5 25. Nxc5 Rxf2 26. Nxe6 1-0

[Event "Tch-CRO 1stA liga 2016"]
[Site "Sibenik"]
[Date "2016.10.08"]
[Round "1.2"]
[White "Repka, Christopher"]
[Black "Ivanisevic, Ivan"]
[Result "0-1"]
[WhiteElo "2486"]
[BlackElo "2650"]
[PlyCount "62"]
[EventDate "2016.??.??"]
[EventCountry "CRO"]

1. d4 d5 2. Nf3 Nf6 3. c4 c6 4. Nc3 e6 5. Bg5 Nbd7 6. e3 Qa5 7. cxd5 exd5 8.
Bd3 Ne4 9. O-O Nxg5 10. Nxg5 Nf6 11. e4 dxe4 12. Ngxe4 Be7 13. Nxf6+ Bxf6 14.
d5 O-O 15. Ne4 Be7 16. d6 Bd8 17. Bc4 Bf5 18. Qf3 Bb6 19. Rae1 Bg6 20. Ng3 Rad8
21. Qf4 Qc5 22. Rd1 Rfe8 23. h4 Qe5 24. Qg4 Rxd6 25. Rxd6 Qxd6 26. Rd1 Qf6 27.
Rd2 Re1+ 28. Kh2 h5 29. Nxh5 Bxh5 30. Qxh5 Qf4+ 31. g3 Qxc4 0-1

[Event "Tch-CRO 1stA liga 2016"]
[Site "Sibenik"]
[Date "2016.10.08"]
[Round "1.2"]
[White "Dreev, Aleksey"]
[Black "Zajic, Milan"]
[Result "1/2-1/2"]
[WhiteElo "2660"]
[BlackElo "2483"]
[PlyCount "46"]
[EventDate "2016.??.??"]
[EventCountry "CRO"]

1. d4 Nf6 2. Nf3 e6 3. c4 Bb4+ 4. Nbd2 b6 5. a3 Bxd2+ 6. Bxd2 h6 7. Bf4 Bb7 8.
h3 d6 9. e3 Nbd7 10. Be2 a5 11. Bh2 O-O 12. O-O a4 13. Bd3 Ra5 14. Nd2 Qa8 15.
f3 e5 16. Bc2 Re8 17. Rc1 e4 18. d5 exf3 19. Rxf3 b5 20. e4 bxc4 21. Nxc4 Rc5
22. Nd2 Ne5 23. Rf1 Ba6 1/2-1/2

[Event "Tch-CRO 1stA liga 2016"]
[Site "Sibenik"]
[Date "2016.10.08"]
[Round "1.2"]
[White "Medak, Bojan"]
[Black "Lalic, Bogdan"]
[Result "1/2-1/2"]
[WhiteElo "2386"]
[BlackElo "2434"]
[PlyCount "29"]
[EventDate "2016.??.??"]
[EventCountry "CRO"]

1. Nf3 d5 2. c4 d4 3. e3 Nc6 4. Nxd4 Nxd4 5. exd4 Qxd4 6. Nc3 c6 7. d3 Nh6 8.
Be3 Qd8 9. d4 Nf5 10. Qd3 g6 11. O-O-O Bg7 12. Be2 Qa5 13. g4 Nxe3 14. Qxe3 Qc7
15. Ne4 1/2-1/2

[Event "Tch-CRO 1stA liga 2016"]
[Site "Sibenik"]
[Date "2016.10.08"]
[Round "1.2"]
[White "Plenkovic, Zdenko"]
[Black "Blazeka, Matej"]
[Result "1-0"]
[WhiteElo "2405"]
[BlackElo "2266"]
[PlyCount "51"]
[EventDate "2016.??.??"]
[EventCountry "CRO"]

1. g3 d5 2. Bg2 Nf6 3. d3 c6 4. Nd2 Bg4 5. h3 Bh5 6. g4 Bg6 7. f4 e6 8. e4 dxe4
9. dxe4 h6 10. Qe2 Nbd7 11. Ngf3 Bc5 12. f5 Bh7 13. Nb3 O-O 14. g5 Nxe4 15.
Qxe4 exf5 16. Qc4 Re8+ 17. Kf1 Re4 18. Qd3 Bb6 19. gxh6 Nf6 20. Ng5 Qe7 21.
Nxe4 Nxe4 22. Bxe4 fxe4 23. Qg3 Bg6 24. Be3 Qf6+ 25. Kg2 Bh5 26. Bxb6 1-0

[Event "Tch-CRO 1stA liga 2016"]
[Site "Sibenik"]
[Date "2016.10.08"]
[Round "1.2"]
[White "Brumen, Dinko"]
[Black "Loncar, Robert"]
[Result "1-0"]
[WhiteElo "2338"]
[BlackElo "2389"]
[PlyCount "93"]
[EventDate "2016.??.??"]
[EventCountry "CRO"]

1. d4 Nf6 2. Nf3 e6 3. c4 b6 4. g3 Bb7 5. Bg2 g6 6. O-O Bg7 7. Nc3 Ne4 8. Nxe4
Bxe4 9. Bg5 f6 10. Bd2 O-O 11. Bc3 Nc6 12. d5 Ne7 13. Ne1 Bxg2 14. Nxg2 Nf5 15.
e4 Nd6 16. Qd3 exd5 17. Qxd5+ Nf7 18. Rad1 d6 19. Nf4 Re8 20. Ne6 Qe7 21. Nxg7
Kxg7 22. Rfe1 Ne5 23. Kg2 Qf7 24. b3 a5 25. f4 Qxd5 26. Rxd5 Nf7 27. g4 c6 28.
Rd3 g5 29. h4 gxf4 30. g5 Ne5 31. Rxd6 fxg5 32. hxg5 Kg8 33. Rh1 Ra7 34. Rh5
f3+ 35. Kg3 Rf8 36. Rf6 Re7 37. Bxe5 Rxe5 38. Rxf8+ Kxf8 39. Kxf3 Kg7 40. Kf4
Rc5 41. e5 b5 42. e6 bxc4 43. e7 Kf7 44. Rxh7+ Ke8 45. g6 cxb3 46. axb3 Rc1 47.
g7 1-0

[Event "Tch-CRO 1stA liga 2016"]
[Site "Sibenik"]
[Date "2016.10.08"]
[Round "1.2"]
[White "Doric, Nenad"]
[Black "Vujakovic, Branko"]
[Result "1/2-1/2"]
[WhiteElo "2246"]
[BlackElo "2360"]
[PlyCount "33"]
[EventDate "2016.??.??"]
[EventCountry "CRO"]

1. Nf3 Nf6 2. c4 g6 3. Nc3 d5 4. cxd5 Nxd5 5. Qa4+ Nc6 6. Ne5 Qd6 7. Nxc6 Qxc6
8. Qxc6+ bxc6 9. g3 Bg7 10. Bg2 Be6 11. b3 Nxc3 12. Bb2 O-O-O 13. Bxc3 Bxc3 14.
dxc3 Rd6 15. Rd1 Rhd8 16. Rxd6 Rxd6 17. Be4 1/2-1/2

[Event "Tch-CRO 1stA liga 2016"]
[Site "Sibenik"]
[Date "2016.10.08"]
[Round "1.3"]
[White "Kozul, Zdenko"]
[Black "Banusz, Tamas"]
[Result "0-1"]
[WhiteElo "2622"]
[BlackElo "2613"]
[PlyCount "124"]
[EventDate "2016.??.??"]
[EventCountry "CRO"]

1. Nf3 d5 2. g3 g6 3. d4 Bg7 4. c4 c6 5. cxd5 cxd5 6. Bg2 Nf6 7. Nc3 Ne4 8. h4
Nc6 9. h5 Bg4 10. Nh2 Be6 11. e3 Nxc3 12. bxc3 Qd7 13. f4 Rc8 14. g4 Na5 15.
Bd2 Nc4 16. Rc1 Qd6 17. Bf1 Bd7 18. Bd3 Nb2 19. Qe2 Nxd3+ 20. Qxd3 gxh5 21.
gxh5 Qf6 22. Nf3 Qf5 23. Qxf5 Bxf5 24. Rg1 Bf8 25. c4 dxc4 26. Bb4 f6 27. Nd2
Bd3 28. Kf2 Kf7 29. Rc3 e5 30. Bxf8 Rhxf8 31. dxe5 fxe5 32. Nf3 exf4 33. exf4
Kf6 34. Ne5 Rfd8 35. Rgc1 Bf5 36. Nxc4 Rd3 37. Ne3 Rcxc3 38. Rxc3 Rxc3 39. Nd5+
Ke6 40. Nxc3 h6 41. Ke3 Bg4 42. Ke4 Bxh5 43. f5+ Kd7 44. Ke5 Be8 45. a3 a6 46.
Ne4 b6 47. Kf6 h5 48. Kg7 Ke7 49. f6+ Kd7 50. f7 Bxf7 51. Kxf7 h4 52. Nf2 Kc6
53. Ke6 Kb5 54. Kf5 Ka4 55. Kg4 Kxa3 56. Kxh4 Kb3 57. Kg3 a5 58. Kf3 a4 59. Nd3
a3 60. Ke4 Kc3 61. Nc1 b5 62. Kd5 b4 0-1

[Event "Tch-CRO 1stA liga 2016"]
[Site "Sibenik"]
[Date "2016.10.08"]
[Round "1.3"]
[White "Ruck, Robert"]
[Black "Martinovic, Sasa"]
[Result "0-1"]
[WhiteElo "2566"]
[BlackElo "2570"]
[PlyCount "108"]
[EventDate "2016.??.??"]
[EventCountry "CRO"]

1. Nf3 Nf6 2. c4 g6 3. d4 Bg7 4. g3 O-O 5. Bg2 d6 6. O-O Nc6 7. Nc3 e5 8. d5
Nb8 9. e4 a5 10. Ne1 Na6 11. Nd3 Nd7 12. Be3 f5 13. Qd2 Nac5 14. exf5 gxf5 15.
Nxc5 Nxc5 16. f4 e4 17. Bd4 Bd7 18. Rfe1 Rf7 19. Re3 Nd3 20. Bxg7 Rxg7 21. Kh1
Qf6 22. Bf1 Nc5 23. Be2 Kh8 24. Rd1 Rag8 25. Qd4 Qxd4 26. Rxd4 h5 27. Rd1 h4
28. Kg2 Rh7 29. Rg1 Rg6 30. Nd1 Kg7 31. Nf2 Kf6 32. Kf1 hxg3 33. hxg3 c6 34. g4
fxg4 35. Nxe4+ Nxe4 36. Rxe4 cxd5 37. cxd5 Rh3 38. Rd4 Rg7 39. Re4 b5 40. Kg2
b4 41. Kf1 Rg8 42. Kf2 Rc8 43. Bd1 Rd3 44. Re3 Rd2+ 45. Re2 Rxd5 46. Bb3 Rd4
47. Rge1 a4 48. Be6 Bxe6 49. Rxe6+ Kf5 50. Re7 Rxf4+ 51. Kg1 Rc2 52. b3 a3 53.
Re8 Rxa2 54. R1e7 g3 0-1

[Event "Tch-CRO 1stA liga 2016"]
[Site "Sibenik"]
[Date "2016.10.08"]
[Round "1.3"]
[White "Kurajica, Bojan"]
[Black "Rogic, Davor"]
[Result "0-1"]
[WhiteElo "2529"]
[BlackElo "2522"]
[PlyCount "56"]
[EventDate "2016.??.??"]
[EventCountry "CRO"]

1. Nf3 d5 2. e3 Nf6 3. c4 c6 4. Nc3 e6 5. h3 Bd6 6. g4 b6 7. b3 Qe7 8. Qc2 Bb7
9. Bb2 Nbd7 10. g5 Nh5 11. Be2 O-O 12. Rg1 g6 13. O-O-O a5 14. Kb1 Rfc8 15. d4
Ng7 16. e4 Bb4 17. Bd3 a4 18. bxa4 dxc4 19. Bxc4 b5 20. Bd3 Nb6 21. Ne2 Nxa4
22. Ba1 c5 23. dxc5 Bxc5 24. Qb3 Ne8 25. Ne5 Bd6 26. Ng4 e5 27. Bc2 Rc4 28. Qe3
Rac8 0-1

[Event "Tch-CRO 1stA liga 2016"]
[Site "Sibenik"]
[Date "2016.10.08"]
[Round "1.3"]
[White "Dabo-Peranic, Robert"]
[Black "Kovacevic, Vlatko"]
[Result "0-1"]
[WhiteElo "2332"]
[BlackElo "2449"]
[PlyCount "140"]
[EventDate "2016.??.??"]
[EventCountry "CRO"]

1. e4 e6 2. d4 d5 3. Nc3 Nc6 4. Nf3 Nf6 5. Bd3 Bb4 6. Bg5 dxe4 7. Bxe4 Ne7 8.
Bxf6 gxf6 9. O-O Ng6 10. Ne2 Be7 11. c3 c5 12. Qd2 cxd4 13. cxd4 f5 14. Bc2 b6
15. Ba4+ Bd7 16. Bxd7+ Qxd7 17. Qh6 Bf8 18. Qh5 Bg7 19. Rad1 O-O-O 20. a4 Qxa4
21. Ra1 Qd7 22. Ra6 Qe7 23. Rfa1 Rd7 24. Nd2 Rhd8 25. Qf3 Rb7 26. Nc4 Qc7 27.
Na5 bxa5 28. Rc6 Rd5 29. Rxc7+ Kxc7 30. h4 Bf6 31. Rc1+ Kd8 32. g3 Ne7 33. Qh5
Bxd4 34. Nf4 Rxb2 35. Nxd5 Bxf2+ 36. Kh1 exd5 37. Qxh7 Kd7 38. Rc3 Ke6 39. Qh6+
f6 40. Qf4 Bb6 41. Rc1 Re2 42. Qf1 Re4 43. Rc2 f4 44. g4 Ng6 45. Rc6+ Kf7 46.
g5 fxg5 47. hxg5 Kg7 48. Rd6 f3 49. Qxf3 Re1+ 50. Kh2 Bg1+ 51. Kg3 Re3 52. Rd7+
Kg8 53. Rd8+ Kg7 54. Rd7+ Kg8 55. Rxd5 Rxf3+ 56. Kxf3 Bb6 57. Ke4 Kf7 58. Rd6
Ne7 59. Rh6 a4 60. Rh7+ Ke6 61. Rh6+ Kf7 62. Rh7+ Kf8 63. Rh3 Bc5 64. Ke5 a3
65. Rh2 Kg7 66. Rc2 Nc6+ 67. Ke4 Bd4 68. Rxc6 a2 69. Kxd4 a1=Q+ 70. Kd5 a5 0-1

[Event "Tch-CRO 1stA liga 2016"]
[Site "Sibenik"]
[Date "2016.10.08"]
[Round "1.3"]
[White "Muse, Mladen"]
[Black "Martic, Zlatko"]
[Result "1-0"]
[WhiteElo "2379"]
[BlackElo "2284"]
[PlyCount "75"]
[EventDate "2016.??.??"]
[EventCountry "CRO"]

1. Nf3 Nf6 2. g3 g6 3. b3 Bg7 4. Bb2 O-O 5. Bg2 c5 6. c4 Nc6 7. O-O d5 8. cxd5
Nxd5 9. Bxg7 Kxg7 10. d4 cxd4 11. Nxd4 Ndb4 12. Nxc6 Nxc6 13. Nc3 Bg4 14. Bxc6
bxc6 15. Qc1 Qa5 16. Qe3 Bh3 17. Rfc1 Rad8 18. Qxe7 Rd2 19. Qh4 Be6 20. Qe4
Rfd8 21. Qxc6 Bh3 22. Qf3 h5 23. Ne4 R2d7 24. Qc3+ Qxc3 25. Nxc3 Rc8 26. Nd1
Re8 27. Rc2 Bf5 28. Rb2 Red8 29. Ne3 Bh3 30. f3 Rd2 31. Rxd2 Rxd2 32. Kf2 f5
33. Ke1 Rd7 34. Rc1 g5 35. Rc5 Kf6 36. f4 gxf4 37. Nd5+ Ke5 38. Nxf4+ 1-0

[Event "Tch-CRO 1stA liga 2016"]
[Site "Sibenik"]
[Date "2016.10.08"]
[Round "1.3"]
[White "Matanovic, Luka"]
[Black "Armanda, Ivica"]
[Result "1/2-1/2"]
[WhiteElo "2210"]
[BlackElo "2345"]
[PlyCount "27"]
[EventDate "2016.??.??"]
[EventCountry "CRO"]

1. e4 c5 2. Nf3 g6 3. d4 cxd4 4. Qxd4 Nf6 5. Bb5 Nc6 6. Bxc6 dxc6 7. Qxd8+ Kxd8
8. Nc3 Bg7 9. e5 Nd5 10. Nxd5 cxd5 11. Bf4 Ke8 12. O-O-O Be6 13. Rd4 Rc8 14.
Rhd1 1/2-1/2

[Event "Tch-CRO 1stA liga 2016"]
[Site "Sibenik"]
[Date "2016.10.08"]
[Round "1.4"]
[White "Stevic, Hrvoje"]
[Black "Sulava, Nenad"]
[Result "0-1"]
[WhiteElo "2608"]
[BlackElo "2446"]
[PlyCount "69"]
[EventDate "2016.??.??"]
[EventCountry "CRO"]

1. e4 e6 2. d4 c5 3. c3 cxd4 4. cxd4 Ne7 5. Nf3 d5 6. e5 Nf5 7. Nc3 Nc6 8. a3
Bd7 9. Be2 Rc8 10. h4 a6 11. g4 Nh6 12. Rg1 b5 13. Kf1 Na5 14. Na2 Nc4 15. Nb4
a5 16. Nd3 a4 17. Bf4 Ng8 18. Rc1 Ne7 19. Rc3 Nc6 20. Bc1 Qb6 21. Nf4 b4 22.
Rd3 N6a5 23. axb4 Qxb4 24. Rc3 Nb3 25. Nd3 Qb6 26. Bf4 Nxd4 27. Nxd4 Qxd4 28.
Qc1 Be7 29. g5 O-O 30. Rg4 Nxb2 31. Rxc8 Rxc8 32. Qb1 Nxd3 33. Bxd3 g6 34. h5
Qb4 35. Qd1 0-1

[Event "Tch-CRO 1stA liga 2016"]
[Site "Sibenik"]
[Date "2016.10.08"]
[Round "1.4"]
[White "Zivkovic, Vjekoslav"]
[Black "Palac, Mladen"]
[Result "1/2-1/2"]
[WhiteElo "2366"]
[BlackElo "2623"]
[PlyCount "180"]
[EventDate "2016.??.??"]
[EventCountry "CRO"]

1. e4 c5 2. Nf3 d6 3. Bb5+ Nd7 4. O-O a6 5. Bd3 Ngf6 6. c3 b5 7. Bc2 Bb7 8. Re1
c4 9. b3 e6 10. bxc4 bxc4 11. Na3 Rc8 12. Rb1 Ba8 13. d3 cxd3 14. Bxd3 Nc5 15.
Bxa6 Nxa6 16. Qa4+ Qd7 17. Qxa6 Bxe4 18. Rb4 Ra8 19. Qe2 Bxf3 20. gxf3 d5 21.
Rb3 Be7 22. c4 O-O 23. cxd5 Nxd5 24. Nc4 Qa4 25. Nb6 Nxb6 26. Rxb6 Qxa2 27.
Qxa2 Rxa2 28. Be3 h6 29. Reb1 Kh7 30. Rb8 Rxb8 31. Rxb8 Kg6 32. Rb7 Bh4 33. Ra7
Rc2 34. Ra4 Bg5 35. Bxg5 Kxg5 36. Rg4+ Kf6 37. Rf4+ Ke7 38. Ra4 Rc5 39. Kg2
Rg5+ 40. Kf1 Kf6 41. Rb4 Rf5 42. Kg2 Ke5 43. Re4+ Kd5 44. Ra4 e5 45. Ra5+ Ke6
46. Ra6+ Ke7 47. Rb6 Rf6 48. Rb5 Ke6 49. Rb7 Kf5 50. Ra7 Kg5 51. Ra4 Rf4 52.
Ra5 Rf5 53. Ra4 Kh5 54. Rb4 Rg5+ 55. Kh1 Kg6 56. Ra4 Kf5 57. h3 Ke6 58. Kh2 Kd5
59. Ra7 f6 60. Ra4 Rg6 61. Rb4 f5 62. Ra4 Rc6 63. Kg2 Rg6+ 64. Kf1 Rc6 65. Ra7
g6 66. Ra4 Ke6 67. Kg2 Kf6 68. Rb4 Kg5 69. Ra4 Re6 70. Kg3 Re7 71. Rb4 e4 72.
fxe4 Rxe4 73. Rb6 Ra4 74. Kg2 Ra3 75. Rb4 f4 76. Rc4 Ra6 77. Rb4 Rf6 78. Ra4
Kh4 79. Rb4 g5 80. Ra4 h5 81. Ra3 f3+ 82. Kh2 Rf4 83. Rb3 Rf6 84. Ra3 g4 85.
hxg4 hxg4 86. Ra8 Rh6 87. Rg8 Rh7 88. Rg6 Rb7 89. Rg8 Rb1 90. Rxg4+ Kxg4
1/2-1/2

[Event "Tch-CRO 1stA liga 2016"]
[Site "Sibenik"]
[Date "2016.10.08"]
[Round "1.4"]
[White "Jankovic, Alojzije"]
[Black "Mrkonjic, Nenad"]
[Result "1-0"]
[WhiteElo "2579"]
[BlackElo "2369"]
[PlyCount "185"]
[EventDate "2016.??.??"]
[EventCountry "CRO"]

1. d4 Nf6 2. c4 e6 3. Nc3 d5 4. Bf4 Be7 5. e3 O-O 6. a3 Nbd7 7. Nb5 Ne8 8. Nf3
a6 9. Nc3 Nef6 10. Rc1 c5 11. h3 cxd4 12. exd4 dxc4 13. Bxc4 b5 14. Ba2 Bb7 15.
O-O Rc8 16. Bg5 Nb6 17. Ne5 Nfd5 18. Bd2 Nxc3 19. Bxc3 Nd5 20. Bd2 Rxc1 21.
Bxc1 Nf6 22. Bg5 Nd5 23. Bc1 Nf6 24. Re1 Qa8 25. f3 Bd5 26. Bb1 b4 27. Bg5 Qb7
28. Qd3 g6 29. Qd2 bxa3 30. bxa3 Rc8 31. Qf4 Kg7 32. Bd3 Bd8 33. Rb1 Qa7 34. g4
Ng8 35. Bxd8 Rxd8 36. Rc1 Nf6 37. g5 Nh5 38. Qe3 a5 39. Kf2 Qb8 40. a4 Rc8 41.
Rb1 Qc7 42. Rb5 Rf8 43. Rc5 Qd8 44. Ng4 f6 45. gxf6+ Nxf6 46. Qe5 Rf7 47. Be2
Qf8 48. Rxa5 Kg8 49. Rb5 Nd7 50. Qe3 Rf4 51. a5 h5 52. Ne5 Nxe5 53. dxe5 Qf5
54. a6 Qg5 55. a7 Qh4+ 56. Kg2 Qg5+ 57. Kh2 h4 58. Qg1 Qxg1+ 59. Kxg1 Ra4 60.
Bc4 Rxa7 61. Bxd5 exd5 62. Rxd5 Ra2 63. Rd4 Re2 64. Rg4 Rxe5 65. Rxg6+ Kh7 66.
Rg4 Re2 67. Rxh4+ Kg6 68. Rg4+ Kh5 69. Rg2 Re8 70. Kf2 Rf8 71. Rg4 Kh6 72. Kg3
Ra8 73. h4 Ra3 74. Rg5 Ra4 75. f4 Ra1 76. Kg4 Rg1+ 77. Kf5 Ra1 78. Rg8 Ra5+ 79.
Kg4 Kh7 80. Rg5 Ra4 81. Rb5 Ra8 82. f5 Ra1 83. Kg5 Rg1+ 84. Kf6 Ra1 85. Re5 Kh6
86. Kf7 Kh7 87. f6 Ra7+ 88. Re7 Ra8 89. Re6 Ra7+ 90. Kf8 Ra8+ 91. Re8 Ra6 92.
f7 Ra7 93. Rd8 1-0

[Event "Tch-CRO 1stA liga 2016"]
[Site "Sibenik"]
[Date "2016.10.08"]
[Round "1.4"]
[White "Feletar, Darko"]
[Black "Zelcic, Robert"]
[Result "1-0"]
[WhiteElo "2363"]
[BlackElo "2518"]
[PlyCount "77"]
[EventDate "2016.??.??"]
[EventCountry "CRO"]

1. Nf3 Nf6 2. c4 e6 3. Nc3 d5 4. d4 Bb4 5. Bg5 h6 6. Bxf6 Qxf6 7. e3 O-O 8. Rc1
Nc6 9. a3 Bxc3+ 10. Rxc3 dxc4 11. Bxc4 e5 12. dxe5 Nxe5 13. Nxe5 Qxe5 14. O-O
c6 15. f4 Qf6 16. e4 Rd8 17. Qe2 Be6 18. Bd3 Qd4+ 19. Kh1 f6 20. Bc2 b5 21. Rd1
Qb6 22. e5 Bc4 23. Rxd8+ Rxd8 24. Qe4 Qd4 25. Qh7+ Kf8 26. h3 Bg8 27. Qh8 Qxf4
28. Bb3 Qf1+ 29. Kh2 Qf4+ 30. Rg3 Qxg3+ 31. Kxg3 Rd3+ 32. Kh2 Rxb3 33. exf6
gxf6 34. Qxf6+ Bf7 35. Qxh6+ Ke7 36. Qxc6 Be6 37. Qc5+ Kf6 38. Qd4+ Kg6 39. g4
1-0

[Event "Tch-CRO 1stA liga 2016"]
[Site "Sibenik"]
[Date "2016.10.08"]
[Round "1.5"]
[White "Bekker-Jensen, Simon"]
[Black "Postny, Evgeny"]
[Result "0-1"]
[WhiteElo "2466"]
[BlackElo "2619"]
[PlyCount "90"]
[EventDate "2016.??.??"]
[EventCountry "CRO"]

1. c4 Nf6 2. g3 e5 3. Bg2 c6 4. d4 Bb4+ 5. Bd2 Bxd2+ 6. Qxd2 d6 7. Nc3 O-O 8.
e3 Be6 9. b3 exd4 10. Qxd4 d5 11. cxd5 Nxd5 12. Nge2 Nxc3 13. Qxc3 Nd7 14. O-O
Qf6 15. Rad1 Qxc3 16. Nxc3 Rfd8 17. Rd4 Kf8 18. Rfd1 Ke7 19. Kf1 a5 20. Ke2 Nb6
21. Rxd8 Rxd8 22. Rxd8 Kxd8 23. Kd3 Kc7 24. Kd4 Nd7 25. f4 f6 26. e4 b5 27. e5
fxe5+ 28. fxe5 Kb6 29. Bf1 Nc5 30. Be2 h6 31. Bd1 Bf5 32. Bf3 Be6 33. Bd1 b4
34. Nb1 Bd5 35. Nd2 Ne6+ 36. Kd3 Kc5 37. Ne4+ Kb6 38. Nd2 a4 39. Nc4+ Kc5 40.
Nd6 a3 41. Ne4+ Bxe4+ 42. Kxe4 Nd4 43. h4 Nb5 44. Kf5 Nc3 45. Kg6 Kd5 0-1

[Event "Tch-CRO 1stA liga 2016"]
[Site "Sibenik"]
[Date "2016.10.08"]
[Round "1.5"]
[White "Pikula, Dejan"]
[Black "Sprenger, Jan Michael"]
[Result "1-0"]
[WhiteElo "2433"]
[BlackElo "2514"]
[PlyCount "125"]
[EventDate "2016.??.??"]
[EventCountry "CRO"]

1. e4 c5 2. Nf3 e6 3. d4 cxd4 4. Nxd4 Nc6 5. Nc3 a6 6. Bf4 d6 7. Nxc6 bxc6 8.
Qd2 e5 9. Bg5 Nf6 10. Bc4 h6 11. Bxf6 Qxf6 12. O-O Be7 13. f4 Be6 14. Bb3 exf4
15. Rxf4 Qe5 16. Rf3 O-O 17. Raf1 Rad8 18. Qe2 d5 19. exd5 cxd5 20. Qxa6 Bd6
21. g3 Bg4 22. Rf4 Bh3 23. Qd3 Bc5+ 24. Kh1 Bxf1 25. Rxf1 d4 26. Ne4 Be7 27.
Kg2 g6 28. Rf4 Kg7 29. Nf2 f5 30. h4 g5 31. Rf3 g4 32. Rf4 Bxh4 33. Qa6 Bg5 34.
Nd3 Qe2+ 35. Kh1 Qe7 36. Rf2 Qe4+ 37. Rg2 Rf6 38. Qa7+ Kh8 39. Qc7 Re8 40. Ba4
Qe7 41. Qa5 Rb8 42. Bb3 Be3 43. a4 h5 44. Qd5 h4 45. gxh4 Rh6 46. Rh2 Rxh4 47.
Qe5+ Qxe5 48. Rxh4+ Kg7 49. Nxe5 Re8 50. Nxg4 fxg4 51. Rxg4+ Kf6 52. Bc4 Rc8
53. b3 Kf5 54. Rh4 Kg5 55. Re4 Bf4 56. Rxd4 Rh8+ 57. Kg2 Be5 58. Re4 Rh2+ 59.
Kg1 Bd6 60. Be2 Bb8 61. a5 Rh4 62. Re7 Bd6 63. Re6 1-0

[Event "Tch-CRO 1stA liga 2016"]
[Site "Sibenik"]
[Date "2016.10.08"]
[Round "1.5"]
[White "Rade, Miroslav"]
[Black "Djurovic, Goran"]
[Result "1/2-1/2"]
[WhiteElo "2451"]
[BlackElo "2398"]
[PlyCount "40"]
[EventDate "2016.??.??"]
[EventCountry "CRO"]

1. e4 e5 2. Nf3 Nc6 3. Bb5 a6 4. Ba4 b5 5. Bb3 Na5 6. O-O d6 7. d4 f6 8. Qd3
Nxb3 9. axb3 c5 10. Nc3 cxd4 11. Nxb5 Bb7 12. Na3 d5 13. exd5 Bxa3 14. Rxa3
Qxd5 15. Bd2 Ne7 16. Ra5 Qc6 17. Re1 O-O 18. Bb4 Rf7 19. Bxe7 Rxe7 20. Qc4+
Qxc4 1/2-1/2

[Event "Tch-CRO 1stA liga 2016"]
[Site "Sibenik"]
[Date "2016.10.08"]
[Round "1.5"]
[White "Bukal, Vladimir Jr"]
[Black "Doric, Darko"]
[Result "1/2-1/2"]
[WhiteElo "2422"]
[BlackElo "2481"]
[PlyCount "83"]
[EventDate "2016.??.??"]
[EventCountry "CRO"]

1. Nf3 d5 2. g3 c6 3. Bg2 Bg4 4. O-O Nd7 5. d3 e6 6. h3 Bh5 7. Qe1 Bc5 8. e4
Bxf3 9. Bxf3 Ne7 10. Bg2 O-O 11. Kh1 Kh8 12. a4 a5 13. Nd2 Qc7 14. f4 f6 15.
Nb3 Rfe8 16. Nxc5 Nxc5 17. Qf2 b6 18. Be3 Nd7 19. g4 Rab8 20. f5 e5 21. g5 d4
22. Bd2 c5 23. b3 fxg5 24. Bxg5 Ng8 25. Bf3 Ndf6 26. Rg1 Rb7 27. Bd2 Qc6 28.
Rg5 Rf7 29. Qg2 Qc7 30. Rg1 Ref8 31. Rg3 Qd7 32. h4 Qc7 33. Qh2 Qe7 34. Qe2 Re8
35. Rg5 Qf8 36. Be1 Rd8 37. Qh2 Re8 38. Qg2 Qe7 39. Bd2 Qf8 40. Rc1 Rd7 41. Rg1
Rf7 42. Qe2 1/2-1/2